| 000 | 00594nam a22002057a 4500 | ||
|---|---|---|---|
| 999 |
_c486 _d486 |
||
| 003 | AR-CdUCM | ||
| 008 | 190223b ||||| |||| 00| 0 spa d | ||
| 040 |
_aMUNICIPALIDAD PROVINCIAL DEL CUSCO _cBIBLIOTECA MUNICIPAL DEL CUSCO |
||
| 082 |
_a869.508 / _bC81 |
||
| 100 |
_aCongrains, Enrique _91913 |
||
| 245 | _aLima, hora cero / | ||
| 260 |
_aLima : _bPopulibros peruanos, |
||
| 300 |
_a117 páginas ; _c17 cm. |
||
| 500 | _aDonación familia Nieto. | ||
| 650 |
_aNovela peruana _91234 |
||
| 650 |
_aLima _9231 |
||
| 650 |
_aCostumbres _9230 |
||
| 942 |
_2ddc _cLIBROS |
||
| 945 |
_aafb _d2019-02-23 |
||